00440nam a2200121Ia 4500008004100000100001400041245010600055245006400161260000900225300000800234650001300242856006300255170221s9999 xx 000 0 und d aYiwei Dou aIndividual Large Shareholders, Earnings Management, and Capital-Market Consequences (pages 872–902) cYiwei Dou, Ole-Kristian Hope, Wayne B. Thomas and Youli Zou c2012 a2 : xBusiness uhttp://onlinelibrary.wiley.com/doi/10.1111/jbfa.12204/epdf